Revisión del diseño estructural de hospital Monte España Villa Fontana, análisis y diseño de secciones compuestas de acero y concreto por meto LRFD
La investigación tiene como objetivo realizar un análisis y revisión de diseño estructural de un sistema compuesto, tomando en cuenta las solicitaciones de carga basadas en el reglamento nacional de la construcción, para realizar un análisis estructural (estático y dinámico espectral) en e...
| Main Authors: | , , |
|---|---|
| Other Authors: | |
| Format: | Tesis Section = Libro |
| Language: | Undetermined Spanish |
| Published: |
Managua
UCA
2008
|
| Subjects: |
| LEADER | 01511nam a2200289Ia 4500 | ||
|---|---|---|---|
| 008 | 240830s9999 xx 000 0 und d | ||
| 040 | |a BIBLIOTECA-RUPAP Mon 624.1771 Ñ99 | ||
| 041 | |a spa | ||
| 082 | |a Mon 624.1771 Ñ99 | ||
| 100 | 1 | |a Ñurinda Ortega, Flor de María | |
| 100 | 1 | |b Bermúdez Cruz, Rene Jesús | |
| 100 | 1 | |c Guido Monge, Giddel | |
| 245 | 1 | 0 | |a Revisión del diseño estructural de hospital Monte España Villa Fontana, análisis y diseño de secciones compuestas de acero y concreto por meto LRFD |
| 260 | |a Managua |b UCA |c 2008 | ||
| 300 | |a 173 p. :il. | ||
| 500 | |a Contiene: anexos. | ||
| 502 | |a Tesis (Ingeniero Civil)- UNI, 2008. | ||
| 520 | 3 | |a La investigación tiene como objetivo realizar un análisis y revisión de diseño estructural de un sistema compuesto, tomando en cuenta las solicitaciones de carga basadas en el reglamento nacional de la construcción, para realizar un análisis estructural (estático y dinámico espectral) en el programa ETABS9.2 y los criterios de diseño del Instituto Americano del Centro (ACI 360-O5) tanto para los elementos compuestos como para los de concreto reforzado, incluyendo el sistema de funciones y elementos de acero. | |
| 650 | 7 | |a DISEÑO DE ESTRUCTURA | |
| 650 | 7 | |b SISTEMA ESTRUCTURAL - EDIFICIO MONTE ESPAÑA | |
| 650 | 7 | |c CONCRETO REFORZADO – ACERO | |
| 650 | 7 | |d VIGAS | |
| 650 | 7 | |e MUROS-DISEÑO | |
| 700 | 1 | |a Tutor: |b Gómez Guerrero, Sergio. | |
| 942 | |c BK |2 ddc | ||
| 991 | |a TESIS | ||
| 999 | |c 15882 | ||